Statistiques concernant Les 50 personnalités préférées des français 2022 par images

Cliquez ici pour prendre le quiz!

Statistiques générales

  • Ce quiz a été pris 1 370 fois
  • Le résultat moyen est 39 sur 50

Statistiques - réponses

Réponse% Correct
Killian Mbappé
99%
Omar Sy
98%
Antoine Griezmann
97%
Emmanuel Macron
97%
Zinedine Zidane
97%
Marine Le Pen
96%
Soprano
96%
Thomas Pesquet
96%
Didier Deschamps
95%
Olivier Giroud
95%
Philippe Etchebest
95%
Julien Doré
94%
Vianney
94%
Hugo Lloris
93%
Florent Pagny
92%
Louane
92%
Jean Dujardin
91%
Orelsan
91%
Dany Boon
90%
Florence Foresti
87%
Cyril Lignac
86%
Jean-Jacques Goldman
86%
Stéphane Plaza
86%
Gad Elmaleh
85%
Kad Merad
84%
Mimie Mathy
84%
Grand corps malade
83%
Jean-Luc Reichmann
83%
Renaud
82%
Stéphane Bern
82%
Christian Clavier
78%
Clara Luciani
77%
Teddy Riner
76%
Alain Chabat
73%
Mylène Farmer
73%
Jean Reno
72%
Karine Le Marchand
72%
Michel Sardou
62%
Sophie Marceau
61%
Alain Delon
56%
Line Renaud
55%
Audrey Fleurot
52%
Alain Souchon
51%
Brigitte Bardot
51%
Michel Cymès
51%
Francis Cabrel
47%
Virginie Efira
47%
Faustine Bollaert
39%
Josiane Balasko
38%
Françoise Hardy
26%

Distribution des résultats

Percentile par nombre de réponses

% des personnes avec chaque résultat

Votre développement - résultats

Vous n’avez pas pris ce quiz